Gares de la Manche - Statistiques

Statistiques générales
  • Ce quiz a été pris 92 fois
  • Le résultat moyen est 8 sur 10
Statistiques - réponses
Nombre de voyageurs Gares % Correct
604 818 Cherbourg
100%
383 021 Granville
99%
33 855 Avranches
92%
302 280 Saint Lô
90%
211 111 Coutances
82%
225 679 Carentan
80%
270 670 Valognes
80%
112 813 Villedieu les Poêles
56%
50 180 Pontorson - Mont Saint Michel
48%
9 017 Folligny
44%
Aucun quiz correspondant
Distribution des résultats
% des personnes avec chaque résultat
Percentile par nombre de réponses
Votre historique - résultats
Vous n’avez pas pris ce quiz